000 00513nam a22001697a 4500
005 20251108171945.0
008 250721s1975 xx 000 0 ara d
082 1 4 _aط/372.62/حدي
245 1 0 _aالحديث عن الحيوانات /
264 1 _aلافبورو :
_bليديبرد بوك ليمتد،
_c1975.
300 _a5ص : مص بالألوان
490 0 _aسلسلة ليديبرد ؛ 1
650 1 7 _aاللغة العربية
650 1 7 _aالدراسة
942 _2ddc
_cBK
999 _c66890
_d66890